Groups of Things Europe - Statistics

General Stats
  • This quiz has been taken 232 times
  • The average score is 22 of 52
Answer Stats
Hint Answer % Correct
Rome
97%
London
90%
Switzerland
90%
Switzerland
90%
Oxford
88%
Paris
85%
Sweden
79%
Milan
78%
Cambridge
77%
Germanic
76%
Portugal
70%
Spain
70%
Hadrian's wall
66%
Vatican City
66%
Largest non capital cities (according to world atlas) Barcelona
64%
Nations that declared themselves neutral in WWII Andorra
63%
San Marino
63%
Liechtenstein
61%
Multiple Summer Olympic host cities (including upcoming games) Athens
60%
Florence
59%
Ireland
55%
Monaco
55%
Major language groups of europe Romance (Latin)
53%
Capitals of Italy since unification Turin
52%
Countries the large hadron collider (LHC) at CERN straddles France
42%
Slavic
42%
Birmingham
41%
Manchester
34%
St Petersburg
32%
5 Oldest Universities in Europe Bologna
30%
Estonia
29%
Latvia
28%
Lithuania
28%
Volkswagen
22%
Bobby Moore
18%
FIFA World Cup winning captains Franz Beckenbauer
13%
5 Largest European companies (by revenue) Royal Dutch Shell
11%
Major Roman walls in Scotland Antonine wall
10%
BP
10%
Iker Casillas
10%
Didier Deschamps
9%
Philipp Lahm
8%
Fabio Cannavaro
7%
Lothar Matthaus
6%
Dino Zoff
4%
Salamanca
4%
Total
4%
Fritz Walter
2%
Gianpiero Combi
1%
Giuseppe Meazza
1%
Padova
1%
Glencore Xstrata
0%
No matching quizzes found
Score Distribution
Percent of People with Each Score
Percentile by Number Answered
Your Score History
You have not taken this quiz